1165 1875 1963 1612 1784 1151 1051 1097 1919 1076 1237 1780 1523 1749 1487 1561 1902 1093 1947 1465 1974 1707 1743 1258 1660 1614 1969 1728 1325 1264 1260 1464 1260 1025 1262 1938 1107 1261 1449 1511 1854 1005 1519 1313 1210 1656 1402 1632 1676 1869 1148 1173 1451 1106 1954 1008 1743 1630 1748 1105 1519 1428 1880 1582 1718 1493 1257 1122 1100 1607 1847 1862 1629 1852 1433 1334 1719 1874 1822 1154 1907 1406 1313 1872 1758 1467 1094 1195 1820 1099 1004 1205 1195 1321 1535 1556 1121 1605 1491 BCNSPRNW ULIB Ver.6.0+V

เปลี่ยนเป็นภาษาไทย

Change to English
 แสดงรายละเอียดบรรณานุกรม
  กลับหน้าหลัก

Brief Record : Get Marc (ISO 2709) : E-mail record : QR code < ปิดหน้าต่าง
LEADER : 00000nam 2200000uu 4500
001    13399120504
003     ULIB
008    120921s2547||||th 000 0 tha d
020    ^a9741331975
060 04 ^aWB115^bว711ค 2547
100 0  ^aวิโรจน์ ไววานิชกิจ
245 10 ^aความรู้เบื้องต้นเกี่ยวกับการเจาะเลือด =^bIntroduction tovenipuncture /^cวิโรจน์ ไววานิชกิจ
246 31 ^aIntroduction to venipuncture
250    ^aพิมพ์ครั้งที่ 1
260    ^aกรุงเทพฯ :^bสำนักพิมพ์แห่งจุฬาลงกรณ์มหาวิทยาลัย,^c2547
300    ^a103 หน้า :^bภาพประกอบ ;^c22 ซม.
650  7 ^aการเจาะเลือด
650  7 ^aเลือด
945    ^p80^l0^i16132
995    ^aกัณชพร
999 ^a ใช้งานได้ทุกระบบ
รายการนี้ยังไม่มีแท็ก
คุณยังไม่ได้ล็อกอิน คุณสามารถมีกิจกรรมร่วมกับเว็บไซต์ได้ แต่ต้องล็อกอินก่อน ::
  ล็อกอิน

รายการสื่อสารสนเทศ

ลำดับที่ ประเภท เลขเรียก/บาร์โค้ด สถานที่ สถานะ
1. วิทยาศาสตร์การแพทย์ และสุขภาพ
วิทยาศาสตร์การแพทย์ และสุขภาพ
WB115 ว711ค 2547  
  Barcode: 16132
ห้องสมุดวิทยาเขตสวรรค์ประชารักษ์
►หนังสือทั่วไป
ถูกยืม กำหนดส่งวันที่ 11 พฤษภาคม 2558
  จอง

รายการใกล้เคียง
    ผู้แต่ง [วิโรจน์ ไววานิชกิจ]

    หัวเรื่อง [การเจาะเลือด]
    หัวเรื่อง [เลือด]

BibComment


ยังไม่เคยถูกคอมเมนท์

คอมเมนท์ทรัพยากรรายการนี้
  คอมเมนท์: ความรู้เบื้องต้น..


 Copyright 2026. Bcnsprnw @Library